| 000 | 00490nam a22001817a 4500 | ||
|---|---|---|---|
| 005 | 20260514123938.0 | ||
| 008 | 260514b |||||||| |||| 00| 0 eng d | ||
| 020 |
_a9781493991082 _c947.27 |
||
| 040 | _aMAIN | ||
| 041 | _aEnglish | ||
| 082 |
_a511.6 _bSTI |
||
| 100 |
_aStinson, Douglas R. _926823 |
||
| 245 |
_aCombinatorial Designs _b: Constructions and Analysis |
||
| 260 |
_aNew York _bSpringer _c2004 |
||
| 300 | _a300 | ||
| 650 |
_aComputer Science (PM (USHA) _926808 |
||
| 942 | _cBK | ||
| 999 |
_c60795 _d60795 |
||